000 00681nam a2200253Ia 4500
008 160621s9999 xx 000 0 und d
020 _a981-4053-77-5
050 _aComSc QA 76.5
050 _b.T63 2000
100 _aTocci, Ronald. J.
245 _aMicroprocessors and microcomputers :
245 _bhardware and software /
245 _cRonald J. Tocci, Frank J. Ambrosio.
250 _a5th Edition
260 _aSingapore :
260 _bPearson Education Asia Pte Ltd.,
260 _c2000
300 _a591 pages :
300 _billustrations ;
300 _c24 cm.
500 _aIncludes index.
650 _aMicroprocessors.
650 _xMicrocomputers.
999 _c296105
_d296105